| 000 | 01352cam a22003375a 4500 | ||
|---|---|---|---|
| 003 | EG-ScBUE | ||
| 005 | 20220419114116.0 | ||
| 008 | 090429t2009 njua f b 001 0 eng d | ||
| 020 | _a9780135041963 | ||
| 020 | _a0135041961 | ||
| 040 |
_aEG-ScBUE _beng _erda _cEG-ScBUE _dEG-ScBUE |
||
| 082 | 0 | 4 |
_a410.285 _bJUR _222 |
| 100 | 1 |
_aJurafsky, Dan, _d1962- _eauthor. _94457 |
|
| 245 | 1 | 0 |
_aSpeech and language processing : _ban introduction to natural language processing, computational linguistics, and speech recognition / _cDaniel Jurafsky, Stanford University and James H. Martin, University of Colorado at Boulder. |
| 250 |
_aSecond edition, _bPearson international edition. |
||
| 264 | 1 |
_aNew Jersey : _bPearson Education, Inc., _c[2009] |
|
| 264 | 4 | _cc2009 | |
| 300 |
_a1024 pages : _billustrations ; _c24 cm |
||
| 336 |
_2rdacontent _atext _btxt |
||
| 337 |
_2rdamedia _aunmediated _bn |
||
| 338 |
_2rdacarrier _avolume _bnc |
||
| 504 | _aIncludes bibliographical references and index. | ||
| 650 | 7 |
_aAutomatic speech recognition. _2BUEsh _94461 |
|
| 650 | 7 |
_aComputational linguistics. _2BUEsh _94459 |
|
| 650 | 7 |
_aNatural language processing (Computer science) _2BUEsh _94460 |
|
| 651 | _2BUEsh | ||
| 653 |
_bHHUUEENN _cSeptember2018 |
||
| 655 |
_vReading book _934232 |
||
| 700 | 1 |
_aMartin, James H. _d1959- _eauthor. _94462 |
|
| 942 |
_2ddc _cBB |
||
| 999 |
_c11465 _d11465 |
||